000 00350nam a2200109Ia 4500
008 171204s9999 xx 000 0 und d
245 _aWater and Territory in Latin America:
245 _cVladimir Arana
260 _c2016
650 _xHygiene & Sanitation with Emphasis on Waste Management
856 _uhttp://down.ebook777.com/043/9783319303413.pdf
999 _c346699
_d346699